00273nam a22001097a 4500020001800000082001300018100002100031245005200052250001000104260004100114300000800155 a9780071812924 a 576 GEO aGeorge F. Brooks aJawetz Melnick & Adelbergs Medical Microbiology a26th  aNew Yorkb McGraw-Hill Medicalc2013 a864